Identifikácia a návrh riadenia pre laboratórny chemický reaktor

Saved in:
Bibliographic Details
Main Author: Hanulová, Linda (Author)
Other Authors: Oravec, Juraj (Thesis advisor)
Format: Manuscript Book
Language:Slovak
Published: 2016
Subjects:
Online Access:http://is.stuba.sk/zp/portal_zp.pl?podrobnosti=135410
Tags: Add Tag
No Tags, Be the first to tag this record!

MARC

LEADER 00000ntm a22000003a 4500
001 stuzp58353
003 SK-STU
005 20160719155534.8
007 ta
008 150427s2015----xo-----f-mn---000-0-slo-d
040 |a STU  |b slo 
041 0 |a slo 
100 1 |a Hanulová, Linda  |u 047000  |4 aut  |U FCHPT Fakulta chemickej a potravinárskej technológie  |T FCHPT Ústav informatizácie, automatizácie a matematiky  |X 65832  |U C7000  |Y 105  |7 65832 
242 0 1 |a Identification and Controller Design for a Laboratory Chemical Reactor  |y eng 
245 1 0 |a Identifikácia a návrh riadenia pre laboratórny chemický reaktor 
260 |c 2016 
650 4 |a návrh riadenia  |2 slo 
650 4 |a identifikácia  |2 slo 
650 4 |a chemický reaktor  |2 slo 
650 4 |a chemical reactor  |2 eng 
650 4 |a controller design  |2 eng 
650 4 |a identification  |2 eng 
700 1 |a Oravec, Juraj  |u 047220  |k Z2  |4 ths  |U FCHPT Ústav informatizácie, automatizácie a matematiky  |T FCHPT Oddelenie informatizácie a riadenia procesov  |X 26399  |U C7220  |Y 121  |7 A000026399 
856 4 |u http://is.stuba.sk/zp/portal_zp.pl?podrobnosti=135410 
SQL |a stuzp58353  |b DBP  |c SLO  |d Identifikácia a návrh riadenia pre laboratórny chemický reaktor  |e 65832  |f Hanulová, Linda  |g 047000  |h 26399  |i Oravec, Juraj  |j 20160711  |k 1925  |l 04  |m http://is.stuba.sk/zp/portal_zp.pl?podrobnosti=135410  |n B-AIMCHP  |o 5.2.14. automatizácia, 5.2.52. priemyselné inžinierstvo